A night of watching / (Record no. 17732)
[ view plain ]
| 000 -LEADER | |
|---|---|
| fixed length control field | 00836cam a22002651 4500 |
| 001 - CONTROL NUMBER | |
| control field | 17732 |
| 003 - CONTROL NUMBER IDENTIFIER | |
| rucl marc code | BD-RjUL |
| 005 - DATE AND TIME OF LATEST TRANSACTION | |
| control field | 20211209000202.0 |
| 008 - FIXED-LENGTH DATA ELEMENTS--GENERAL INFORMATION | |
| fixed length control field | 140217s1967 nyu 000 1 eng |
| 035 ## - SYSTEM CONTROL NUMBER | |
| System control number | (BD-RjUL)17790 |
| 040 ## - CATALOGING SOURCE | |
| Original cataloging agency | DLC |
| Transcribing agency | MB |
| Modifying agency | BD-RjUL |
| Language of cataloging | eng |
| 041 ## - LANGUAGE CODE | |
| Language code of text/sound track or separate title | eng |
| 082 00 - DEWEY DECIMAL CLASSIFICATION NUMBER | |
| Classification number | 813.54 |
| Author mark and year | ARN 1967 |
| 100 1# - MAIN ENTRY--PERSONAL NAME | |
| Personal name | Arnold, Elliott, |
| Dates associated with a name | 1912- |
| 9 (RLIN) | 54658 |
| 245 12 - TITLE STATEMENT | |
| Title | A night of watching / |
| Statement of responsibility, etc. | Elliott Arnold. |
| 260 ## - PUBLICATION, DISTRIBUTION, ETC. (IMPRINT) | |
| Place of publication, distribution, etc. | New York : |
| Name of publisher, distributor, etc. | Scribner, |
| Date of publication, distribution, etc. | c1967. |
| 300 ## - PHYSICAL DESCRIPTION | |
| Pagination | 441 p. ; |
| Size | 22 cm. |
| 650 #0 - SUBJECT ADDED ENTRY--TOPICAL TERM | |
| Topical term or geographic name as entry element | World War, 1939-1945 |
| General subdivision | Underground movements |
| -- | Fiction. |
| 9 (RLIN) | 54659 |
| Topical term or geographic name as entry element | World War, 1939-1945 |
| Geographic subdivision | Denmark |
| General subdivision | Fiction. |
| 9 (RLIN) | 54660 |
| 651 #0 - SUBJECT ADDED ENTRY--GEOGRAPHIC NAME | |
| Geographic name | Denmark |
| General subdivision | History |
| Chronological subdivision | German occupation, 1940-1945 |
| General subdivision | Fiction. |
| 9 (RLIN) | 54661 |
| 942 ## - ADDED ENTRY ELEMENTS (KOHA) | |
| Source of classification or shelving scheme | Dewey Decimal Classification |
| Koha item type | Books |
| Lost status | Source of classification or shelving scheme | Damaged status | Not for loan | Collection code | Permanent Location | Current Location | Shelving location | Date acquired | Total Checkouts | Full call number | Date last seen | Copy number | Koha item type |
|---|---|---|---|---|---|---|---|---|---|---|---|---|---|
| Dewey Decimal Classification | Not For Loan | Fiction | Central Library, University of Rajshahi | Central Library, University of Rajshahi | Reading Room | 12/01/1970 | 813.54 ARN 1967 | 17/02/2014 | C-1 | Books |